LEADER 00785nam0-22003011i-450- 001 990001012360403321 010 $a416-11780-5 035 $a000101236 035 $aFED01000101236 035 $a(Aleph)000101236FED01 035 $a000101236 100 $a20000920d1970----km-y0itay50------ba 101 0 $aeng 200 1 $aNuclear Reactions$fDaphne F. Jackson 210 $aLondon$cMethuen$d1970 610 0 $aFisica nucleare 610 0 $aRadioattività 676 $a539.74$a539.752 700 1$aJackson,$bDaphne F.$044666 801 0$aIT$bUNINA$gRICA$2UNIMARC 901 $aBK 912 $a990001012360403321 952 $a34AI-132$b7227$fFI1 952 $a34AI-132.001$b8976$fFI1 959 $aFI1 996 $aNuclear reactions$9189361 997 $aUNINA DB $aING01 LEADER 00802nam0-22002771i-450- 001 990000061400403321 035 $a000006140 035 $aFED01000006140 035 $a(Aleph)000006140FED01 035 $a000006140 100 $a20011111d--------km-y0itay50------ba 101 0 $aita 105 $ay-------001yy 200 1 $a<>aciers de construction$eexpose des proprietes des aciers$ftraduction francaise par A. Michel. 210 $aParis-Liege$cCh. Beranger$d1925 215 $aXXVI, 378 p.$cill.$d22 cm 676 $a669.142 700 1$aAitchison,$bLeslie$04180 801 0$aIT$bUNINA$gRICA$2UNIMARC 901 $aBK 912 $a990000061400403321 952 $a13 L 31 08$b6425$fFINBC 959 $aFINBC 996 $aAciers de construction$9111476 997 $aUNINA DB $aING01 LEADER 00785nam0-22002771i-450- 001 990000053520403321 005 20161031084203.0 035 $a000005352 035 $aFED01000005352 035 $a(Aleph)000005352FED01 035 $a000005352 100 $a20020821d--------km-y0itay50------ba 101 0 $aita 105 $ay-------001yy 200 1 $aEtude sur les transporteurs aeriens$ecalcul, construction et monographies de transporteurs par cables aeriens$fL.Pierre. 210 $aParis$cCh. Beranger$d1909 215 $a153, 16 p.$cill.$d25 cm 610 0 $aTeleferiche 676 $a625.5 700 1$aPierre,$bL. 801 0$aIT$bUNINA$gRICA$2UNIMARC 901 $aBK 912 $a990000053520403321 952 $a13 P 35 20$b437$fFINBC 959 $aFINBC 997 $aUNINA LEADER 01349nam--2200385---450- 001 990002911390203316 005 20070426132649.0 035 $a000291139 035 $aUSA01000291139 035 $a(ALEPH)000291139USA01 035 $a000291139 100 $a20070426d1966----km-y0itay50------ba 101 $afre 102 $aPO 105 $a||||||||001yy 200 1 $aArchaeologia urbium$eCorpus des ensembles archeologiques des villes du hau moyen age$ePologne$fpublié par le comitè de recherches sur les origines des villes sous la direction de Witold Hensel 210 $aWarszawa$cPanstwowe Wydawnictwo Naukowe$d1966- 215 $av.$d35 cm 300 $aIn testa al front. : Union Internationale des Sciences Prehistoriques et Protohistoriques 327 1 $a : La ville de Szczecin de 9.-13. siècles / par L. Leciejewicz...[et al.], 1972 410 0$12001 454 1$12001 461 1$1001-------$12001 517 $a<> ville de Szczecin de 9.-13. siècles 606 0 $aArcheologia$yPolonia$zSec. 9.-13. 676 $a943.8 700 1$aHENSEL,$bWitold$0155572 801 0$aIT$bsalbc$gISBD 912 $a990002911390203316 951 $aC II d 11$bDLM$cC II 959 $aBK 969 $aDILAM 979 $aDILAM$b90$c20070426$lUSA01$h1326 996 $aArchaeologia urbium$9988507 997 $aUNISA LEADER 04588oam 2200673I 450 001 9910458834203321 005 20170925200215.0 010 $a0-7890-2674-0 010 $a1-317-82510-1 010 $a1-315-82118-4 010 $a1-317-82511-X 024 7 $a10.4324/9781315821184 035 $a(CKB)2550000001280135 035 $a(EBL)1679667 035 $a(SSID)ssj0001215591 035 $a(PQKBManifestationID)11699850 035 $a(PQKBTitleCode)TC0001215591 035 $a(PQKBWorkID)11178079 035 $a(PQKB)10597809 035 $a(MiAaPQ)EBC1679667 035 $a(OCoLC)880452420 035 $a(EXLCZ)992550000001280135 100 $a20180706h20132005 uy 0 101 0 $aeng 135 $aur|n|---||||| 181 $ctxt 182 $cc 183 $acr 200 00$aClinical and research uses of an adolescent mental health intake questionnaire $ewhat kids need to talk about /$fKen Peake, Irwin Epstein, Daniel Medeiros, editors 210 1$aLondon ;$aNew York :$cRoutledge,$d2005, 2013. 215 $a1 online resource (346 p.) 300 $aClinical and research uses of an adolescent mental health intake questionnaire : what kids need to talk about has been co-published simultaneously as Social work in mental health volume 3, numbers 1/2, 2004 and volume 3, number 3, 2005. 300 $aFirst Published 2005 by The Haworth Press, Inc. 311 $a0-7890-2673-2 311 $a1-306-69859-6 320 $aIncludes bibliographical references and index. 327 $aCover; Title; Copyright; CONTENTS; PART I; Including At-Risk Adolescents in Their Own Health and Mental Health Care: A Youth Development Perspective; Theoretical and Practical Imperatives for Reflective Social Work Organizations in Health and Mental Health: The Place of Practice-Based Research; Creating and Sustaining a Practice-Based Research Group in an Urban Adolescent Mental Health Program; Development and Utilization of a Practice-Based, Adolescent Intake Questionnaire (Adquest): Surveying Which Risks, Worries, and Concerns Urban Youth Want to Talk About 327 $aClinical Uses of an Adolescent Intake Questionnaire: Adquest as a Bridge to EngagementWhich Adolescents Need to Talk About Safety and Violence?; Adolescents Seeking Mental Health Services: Self-Reported Health Risks and the Need to Talk; Adolescents' Need to Talk About Sex and Sexuality in an Urban Mental Health Setting; Adolescents' Need to Talk About School and Work in Mental Health Treatment; Adolescents' Self-Reported Substance Risks and Need to Talk About Them in Mental Health Counseling 327 $aAdolescents' Self-Reported Risk Factors and Desire to Talk About Family and Friends: Implications for Practice and ResearchPART II; Lesbian, Gay, Bisexual, Sexual-Orientation Questioning Adolescents Seeking Mental Health Services: Risk Factors, Worries, and Desire to Talk About Them; Experience of Racism as a Correlate of Developmental and Health Outcomes Among Urban Adolescent Mental Health Clients; Multiple Risks, Multiple Worries, and Adolescent Coping: What Clinicians Need to Ask About; Data-Mining Client Concerns in Adolescent Mental Health Services: Clinical and Program Implications 327 $aCollaborative Data-Mining in an Adolescent Mental Health Service: Clinicians Speak of Their ExperienceIndex 330 $aLearn how to better clinically serve ?risky? adolescents?from the clients themselves!Clinical and Research Uses of an Adolescent Mental Health Intake Questionnaire: What Kids Need to Talk About explores the research on adolescent behavior culled from the answers to a clinician-designed intake questionnaire given to adolescent clients asking how they view their own risks, what they worry about, and what they wish to talk about. Respected authorities discuss the enlightening findings and present ways to reshape services, taking into account customer preference, risk and worry, and yo 606 $aAdolescent psychiatry 606 $aPsychiatric social work 606 $aQuestionnaires 608 $aElectronic books. 615 0$aAdolescent psychiatry. 615 0$aPsychiatric social work. 615 0$aQuestionnaires. 676 $a616.89/00835 701 $aEpstein$b Irwin$0935318 701 $aMedeiros$b Daniel$0935319 701 $aPeake$b Ken$0935320 801 0$bMiAaPQ 801 1$bMiAaPQ 801 2$bMiAaPQ 906 $aBOOK 912 $a9910458834203321 996 $aClinical and research uses of an adolescent mental health intake questionnaire$92106613 997 $aUNINA LEADER 01056nam a2200313 i 4500 001 991001467849707536 005 20020507194013.0 008 961104s1975 de ||| | eng 020 $a3540073914 035 $ab10851574-39ule_inst 035 $aLE01312696$9ExL 040 $aDip.to Matematica$beng 082 0 $a515.93 084 $aAMS 30C 084 $aAMS 30C45 100 1 $aSchober, Glenn$058483 245 10$aUnivalent functions - selected topics /$cGlenn Schober 260 $aBerlin :$bSpringer-Verlag,$c1975 300 $aiv, 200 p. :$bill. ;$c25 cm 490 0 $aLecture notes in mathematics,$x0075-8434 ;$v478 500 $aBibliography: p. [191]-198 500 $aIncludes index 650 0$aUnivalent functions 907 $a.b10851574$b23-02-17$c28-06-02 912 $a991001467849707536 945 $aLE013 30C SCH21 (1975)$g1$i2013000064710$lle013$o-$pE0.00$q-$rl$s- $t0$u0$v0$w0$x0$y.i10963054$z28-06-02 996 $aUnivalent functions$980873 997 $aUNISALENTO 998 $ale013$b01-01-96$cm$da $e-$feng$gde $h0$i1